Guess the coat of arms of the city - Statistics

General Stats
  • This quiz has been taken 41 times
  • The average score is 18 of 31
Answer Stats
Picture Answer % Correct
london
97%
berlin
95%
seoul
92%
rome
89%
paris
86%
amsterdam
84%
hanoi
84%
oslo
84%
jerusalem
81%
stockholm
81%
sydney
81%
moscow
73%
prague
73%
pyongyang
73%
madrid
70%
istanbul
62%
helsinki
57%
shanghai
57%
toronto
57%
mexico city
49%
auckland
46%
mumbai
46%
tokyo
43%
cairo
38%
dublin
38%
rio de janeiro
24%
phnom penh
22%
havana
19%
buenos aires
16%
cape town
5%
denpasar
5%
No matching quizzes found
Score Distribution
Percent of People with Each Score
Percentile by Number Answered
Your Score History
You have not taken this quiz